000 02370nad a22004213ic4500
001 EBC6798687
003 MiAaPQ
005 20230411114809.0
007 cr cnu||||||||
008 230324s2021 xx o ||||0 eng d
020 _a9781350103207
_q(electronic bk.)
020 _z9781350001886
040 _aMiAaPQ
_beng
_cMiAaPQ
245 1 2 _aA cultural history of marriage
_nVolume 4
_pA cultural history of marriage in the age of enlightenment
264 1 _aLondon ; New York ; Oxford ; New Delhi ; Sydney :
_bBloomsbury Academic,
_c2021.
264 4 _c{copy}2020.
300 _a1 online resource (193 pages)
336 _aText
_btxt
_2rdacontent
337 _aComputermedien
_bc
_2rdamedia
338 _aOnline Resource
_bcr
_2rdacarrier
490 1 _aThe cultural histories series
500 _aE-Book-ProQuest / Fernzugriff nach Registrierung möglich
505 0 _aCover -- Contents -- List of Figures -- Contributors -- General Editor's Preface -- Introduction Edward Behrend-Martínez -- 1 Courtship and Ritual: Eighteenth-Century English Literature and the Reinvention of Courtship Laura E. Thomason -- 2 Religion: Defending Continuity in an Age of Change Edward Behrend-Martínez -- 3 State and Law Rebecca Probert -- 4 The Ties that Bind: Money and Love in Western Europe Kimberly Schutte -- 5 The Family Economy Maria Ågren -- 6 Love, Sex, and Sexuality, 1650-1800 Katherine Crawford -- 7 Breaking Vows: Divorce and Separation in the Postrevolutionary United States of America Allison Fredette -- 8 Representations of Marriage Chris Roulston -- Notes -- Bibliography -- Index.
650 7 _aEhe
_922285
650 7 _aKultur
653 _aMarriage-History-16th century.
653 _aMarriage-History-17th century.
653 _aMarriage-History-18th century.
655 _aFernzugriff
_9230
700 1 _aBehrend-Martínez, Edward.
_921901
700 1 _aFerraro, Joanne Marie
_4edt
_eeditor
_922284
773 0 8 _qVolume4
_w1684853796
776 0 8 _iPrint version:
_aBehrend-Martínez, Edward
_tA Cultural History of Marriage in the Age of Enlightenment
_dLondon : Bloomsbury Publishing Plc,c2021
_z9781350001886
830 4 _aThe cultural histories series
_96986
856 4 0 _uhttps://ebookcentral.proquest.com/lib/maxweberstiftung-ebooks/detail.action?docID=6798687
_zVolltext
942 _cEB
_2z
999 _c62072
_d62072